00890nam a2200217 i 450000100060000000300090000600500170001500700030003200800410003510000400007624501290011626000720024530000300031749000200034770000400036771000690040783000280047685200310050499900170053595201200055236431ES-MaACL20250827022413.0t|030218s1976 sp ||||1| spa d1 aBourgoigne, Georges-Edouard.93099710aPerspectivas en ecología humana / cpor Georges-Edouard Bourgoigne... [et al.] ; traducción: Pedro Fernández Martín. aMadrid : bInstituto de Estudios de Administración Local, c1976. a318 p. : bil. ; c22 cm.1 aNuevo urbanismo1 aFernández Martín, Pedro.9499012 aInstituto de Estudios de Administración Local (España)948930 aNuevo urbanismo9181984 aES-MaACLjL-184 bR.100831 c36431d36431 00104070aATENEOMbATENEOMcDEPO2d2008-01-17eSCl0oL-184p1038265r2023-02-23 00:00:00w2023-02-23yMONOGRAFIA